01358nam a2200337 a 4500001001200000003000800012006001900020007001500039008004100054010001700095020001500112020002700127040002100154035002100175043001200196050002500208100002700233245007700260250001200337260005300349300001600402500005900418504005100477505009700528533015200625651003700777651003400814655002900848710001700877856012600894ebr10715000CaPaEBRm o u cr cn|||||||||050120s2004 si sb 001 0 eng d z 2005347010 z9812103317 z9789814382717 (e-book) aCaPaEBRcCaPaEBR a(OCoLC)849917827 aa-si---14aHC445.8b.G63 2004eb1 aGoh, Keng Swee,d1918-14aThe practice of economic growthh[electronic resource] /cGoh Keng Swee. a2nd ed. aSingapore :bMarshall Cavendish Academic,c2004. axii, 282 p. aPrevious ed.: Singapore : Federal Publications, c1977. aIncludes bibliographical references and index.0 apt. 1. Economics -- pt. 2. Industrial relations -- pt. 3. Sociology -- pt. 4. Miscellaneous. aElectronic reproduction.bPalo Alto, Calif. :cebrary,d2013.nAvailable via World Wide Web.nAccess may be limited to ebrary affiliated libraries. 0aSingaporexEconomics conditions. 0aSingaporexSocial conditions. 7aElectronic books.2local2 aebrary, Inc.40uhttp://site.ebrary.com/lib/rucke/Doc?id=10715000zAn electronic book accessible through the World Wide Web; click to view